Parole [juego] /

Guardado en:
Formato: Objeto Físico
Publicado: Argentina : Kipo's, [199?]
Materias:
Etiquetas: Agregar Etiqueta
Sin Etiquetas, Sea el primero en etiquetar este registro!
LEADER 00636nrm a22001575g 4500
001 CEM.cems019280
008 130507b199?##################0###0#####d
005 20220830105728.0
003 CEMS
245 0 0 |a Parole [juego] /  |c Kipo's 
260 |a Argentina :  |b Kipo's,  |c [199?] 
300 |a 1 juego (54 naipes letras y números) ; en caja 11 x 21 x 4 cm.+ manual de instrucciones. 
500 |a Para 2, 3, ó 4 jugadoresa partir de 8 años y adultos objetivo: descartarse de todos sus naipes, formando palabras sobre la mesa de juego. 
082 0 4 |a J793.734 
653 |a 1. juegos de palabras 
859 |a CEMS  |b BIB. CEMS - Ludoteca  |h J793.734  |i K628  |p 128.97  |t Ej.1